00764nam a2200205 i 450000100060000000300090000600500170001500700030003200800410003524501190007626000340019530000350022965000250026465000330028970000360032270000390035885200220039799900170041995201220043633462ES-MaACL20231009203727.0t|030202s1979 sp a |||| | spa d00aBiología celular y molecular / cautores, Emilio Muñoz ... [et al.] ; coordinado por Carlos Vicente Córdoba. aMadrid : bH. Blume, c[1979] aXII, 476 p. : bil. ; c21 cm.04aCitología.9135773 4aBiología molecular.9105891 aMuñoz, Emilio,d1937-91649111 aVicente Córdoba, Carlos.9114353 aES-MaACLjA-10360 c33462d33462 00104070aATENEOMbATENEOMcDEPO1d2008-01-17eSCl0oA-10360p1034814r2023-02-23 00:00:00w2023-02-23yMONOGRAFIA